| 000 | 01652cam a22003731i 4500 | ||
|---|---|---|---|
| 003 | SA-RiAUC | ||
| 005 | 20250910121824.0 | ||
| 008 | 250907s2006 ua g b 000 0 ara c | ||
| 020 | _a9770915300 | ||
| 020 | _a9837003138 | ||
| 040 |
_aSA-JeALM _bara _cSA-RiAUC _erda |
||
| 041 | 1 |
_aara _heng |
|
| 050 | 4 | _b.D39 2006 | |
| 082 | 0 | 4 |
_a953 _qSA-RiAUC |
| 090 |
_a953 _bد ا و |
||
| 100 | 1 |
_aداود أوغلو، أحمد، _d1959- _eمؤلف. |
|
| 240 | 1 | 0 |
_aCivilizational transformation and the muslim world. _lArabic |
| 245 | 1 | 2 |
_aالعالم الإسلامي في مهب التحولات الحضارية / _cأحمد داود أوغلو ؛ تعريب وتحرير ومراجعة إبراهيم البيومي غانم. |
| 250 | _aالطبعة الأولى. | ||
| 264 | 1 |
_aالقاهرة : _bمكتبة دار الشروق الدولية، _c2006 |
|
| 300 |
_a208 صفحة ؛ _c24 سم |
||
| 336 |
_aنص _btxt _2rdacontent _3كتاب |
||
| 337 |
_aبدون وسيط _bn _2rdamedia |
||
| 338 |
_aمجلد _bnc _2rdacarrier |
||
| 500 | _aإهداء من المؤلف إبراهيم البيومي غانم بتاريخ 1427 هـ | ||
| 504 | _aببليوجرافية : صفحة 204-206. | ||
| 590 | _aحمد الحجري / أسماء. | ||
| 650 | 7 |
_aالحضارة الإسلامية _2aucsh |
|
| 650 | 7 |
_aالتاريخ الإسلامي _2aucsh |
|
| 700 | 1 |
_aغانم، إبراهيم البيومي، _d1959- _eمعرب. |
|
| 700 | 1 | 2 |
_iترجمة لـ : _aداود أوغلو، أحمد، _d1959-. _tCivilizational transformation and the muslim world |
| 942 |
_2ddc _cBOOK _n0 |
||
| 949 |
_aSA-JeALM _d250907 _umohamedma123 _n1 |
||
| 999 |
_c11575 _d11575 |
||